000 00495nam a2200169Ia 4500
003 GCL
008 140319s9999 xx 000 0 ara d
040 _aGCL /
_cGCL
082 0 4 _a247.3
_bس ص
245 1 0 _aصفات الداعية: كيفية حمل الدعوة
260 _a[S.N] :
_bدار الكتاب اللبنانى ،
_c1985
300 _a383 ص
490 _a
650 0 4 _aالدين الاسلامى
650 0 4 _aالاسلام والاصلاح الدينى
942 _2ddc
_cBK
999 _c58617
_d58617